A career guide for potential general practice surveyors (sound recording). (Record no. 85381)

MARC details
000 -LEADER
fixed length control field 01149cgm a2200325 4500
001 - CONTROL NUMBER
control field J95797
008 - FIXED-LENGTH DATA ELEMENTS--GENERAL INFORMATION
fixed length control field 090401t1998 xxu||||| |||| 00| 0 eng d
035 ## - SYSTEM CONTROL NUMBER
System control number (Sirsi) u90425
041 ## - LANGUAGE CODE
Language code of text/sound track or separate title eng
050 ## - LIBRARY OF CONGRESS CALL NUMBER
Classification number 333.33023
110 ## - MAIN ENTRY--CORPORATE NAME
Corporate name or jurisdiction name as entry element Bigwood Trust
9 (RLIN) 3700
245 #2 - TITLE STATEMENT
Title A career guide for potential general practice surveyors (sound recording).
260 ## - PUBLICATION, DISTRIBUTION, ETC.
Place of publication, distribution, etc. Reading
Name of publisher, distributor, etc. Bigwood Trust
Date of publication, distribution, etc. 1998
300 ## - PHYSICAL DESCRIPTION
Extent 1 sound cassette (ca.60 mins.)
350 ## - PRICE (NR) (BK AM CF MU VM SE) [OBSOLETE]
Price 0
520 ## - SUMMARY, ETC.
Summary, etc. Uses the work experiences of six chartered surveyors to illustrate the nature of the profession including job options, prospects, life style, relationships, rewards etc. Also sponsored by the RICS and the Worshipful Company of Chartered Surveyors.
650 ## - SUBJECT ADDED ENTRY--TOPICAL TERM
Topical term or geographic name entry element AUDIO CASSETTES
650 ## - SUBJECT ADDED ENTRY--TOPICAL TERM
Topical term or geographic name entry element CAREERS, EDUCATION AND TRAINING
650 ## - SUBJECT ADDED ENTRY--TOPICAL TERM
Topical term or geographic name entry element ABOUT RICS-RICS MEMBERS
690 ## - LOCAL SUBJECT ADDED ENTRY--TOPICAL TERM (OCLC, RLIN)
Topical term or geographic name as entry element MANAGEMENT-BUSINESS MANAGEMENT-PROFESSIONAL PRACTICE
700 ## - ADDED ENTRY--PERSONAL NAME
Personal name Robertson, Tim
700 ## - ADDED ENTRY--PERSONAL NAME
Personal name Rigg, James
700 ## - ADDED ENTRY--PERSONAL NAME
Personal name McCulloch, Fiona
700 ## - ADDED ENTRY--PERSONAL NAME
Personal name Sanders, Paul
700 ## - ADDED ENTRY--PERSONAL NAME
Personal name Redhead, Peter
700 ## - ADDED ENTRY--PERSONAL NAME
Personal name Leat, Louise
700 ## - ADDED ENTRY--PERSONAL NAME
Personal name Bloor, John
942 ## - ADDED ENTRY ELEMENTS (KOHA)
Suppress in OPAC 0
948 ## - LOCAL PROCESSING INFORMATION (OCLC); SERIES PART DESIGNATOR (RLIN)
c (OCLC) 21/12/1998
Holdings
Withdrawn status Lost status Source of classification or shelving scheme Damaged status Not for loan Home library Current library Shelving location Date acquired Total Checkouts Full call number Barcode Date last seen Date last checked out Copy number Price effective from Koha item type
    Dewey Decimal Classification     London London Basement 14/09/1999 16 SHELF 330 30057109 06/08/2019 22/05/2003 1 06/08/2019 Audio